Introduction to mechanics of continua /
Guardado en:
| Autor Principal: | |
|---|---|
| Formato: | Libro |
| Idioma: | English |
| Publicado: |
New York :
Dover,
1973, c1961.
|
| Materias: | |
| Etiquetas: |
Agregar Etiqueta
Sin Etiquetas, Sea el primero en etiquetar este registro!
|
| LEADER | 01283cam a22002295a 4500 | ||
|---|---|---|---|
| 001 | MAT.inmabb002305 | ||
| 008 | 730831r19731961nyua#####b####001#0#eng#d | ||
| 005 | 20160802174456.0 | ||
| 245 | 1 | 0 | |a Introduction to mechanics of continua / |c by William Prager. |
| 260 | |a New York : |b Dover, |c 1973, c1961. | ||
| 300 | |a x, 230 p. : |b il. ; |c 22 cm. | ||
| 500 | |a "Unabridged and corrected edition of the work originally published in 1961. It is based upon the author's Einführung in die Kontinuumsmechanik, Basel : Birkhäuser, 1961." | ||
| 505 | 8 | |a I. Geometrical foundations -- II. State of stress -- III. Instantaneous motion -- IV. Fundamental laws -- V. Perfect fluids -- VI. Viscous fluids -- VII. Visco-plastic and perfectly plastic materials -- VIII. Hypoelastic materials; classical theory of elasticity -- IX. Finite strain -- X. Elastic and hyperelastic materials. | |
| 504 | |a Incluye notas bibliográficas al pie. | ||
| 510 | 4 | |a MR, |c 23 #B21 |3 (para el original en alemán) | |
| 020 | |a 0486605841 | ||
| 100 | 1 | |a Prager, William, |d 1903-1980. | |
| 700 | 1 | |a Prager, William, |d 1903-1980. |t Einführung in die Kontinuumsmechanik. |4 ant | |
| 740 | 0 | |a Einführung in die Kontinuumsmechanik. | |
| 650 | 0 | |a Continuum mechanics. | |
| 010 | |a 73077976 | ||
| 859 | |h 74 |i P898 |p A-3971 |b BIB. MATEMATICA | ||
